Statistiques concernant Quiz Voiture: trouvez la marque en fonction de la voiture #4

Cliquez ici pour prendre le quiz!

Statistiques générales

  • Ce quiz a été pris 372 fois
  • Le résultat moyen est 9 sur 16

Statistiques - réponses

Réponse% Correct
Dacia
96%
Kia
90%
Lexus
90%
GMC
86%
Lotus
76%
Dodge
75%
Infiniti
65%
Hummer
64%
DMC
47%
Lada
40%
Saab
39%
TVR
34%
Vauxhall
31%
Caterham
24%
Buick
11%
Wiesmann
5%

Distribution des résultats

Percentile par nombre de réponses

% des personnes avec chaque résultat

Votre développement - résultats

Vous n’avez pas pris ce quiz